000 01084nam a2200301 c 4500
003 BLK
005 20231216005329.0
008 180410b bul|||||r ||||||| ||bul||
010 _aKNG00172855000
040 _aBLK
041 _aBUL
_cBUL
080 _aБългарска литература
_b821.163.2
_x-1
_z821.163.2-1
100 _aДамянов, Дамян Петров
_9363661
700 1 _aМихайлова, Албена
_eхудож.
_9336668
139 _aДамянов, Дамян Петров
_bД 15
245 1 0 _aВсеки делник има красота
_bСтихотворения
_cДамян Петров Дамянов; худож. Албена Михайлова.
257 _aBGR
260 София
_bПрофиздат
_c1985
300 _a152 с.
_bс ил.
_c21 см
380 _aX
500 _a18 500 тир.
852 _aЦб 132639
856 4 _qpdf
_u
856 4 _qpdf
_u
942 _cKNG
_n0
_04
944 _aCR
_c11.03.2015
_k
_lCRON CRON
944 _aED
_c23.02.2018
_kПенка_Димитрова
999 _c165258
_d165258